VASTU FLOWERS, AND PLANTS LANDSCAPE (Record no. 19733)

MARC details
000 -LEADER
fixed length control field 00248nam a22001217a 4500
003 - CONTROL NUMBER IDENTIFIER
control field SGT
082 ## - DEWEY DECIMAL CLASSIFICATION NUMBER
Item number BAN
100 ## - MAIN ENTRY--PERSONAL NAME
Personal name BANSAL, ASHWANI
245 ## - TITLE STATEMENT
Title VASTU FLOWERS, AND PLANTS LANDSCAPE
260 ## - PUBLICATION, DISTRIBUTION, ETC. (IMPRINT)
Place of publication, distribution, etc GLOBAL
Year of Publication 2000
300 ## - PAGE DESCRIPTION
No. of Pages 152
942 ## - ADDED ENTRY ELEMENTS (KOHA)
Source of classification or shelving scheme Dewey Decimal Classification
Koha item type Books
Holdings
Withdrawn status Lost status Source of classification or shelving scheme Damaged status Not for loan Home library Current library Date acquired SGTU Total Checkouts Full call number Accession No. (Barcode) Date last seen Bill Date Koha item type
    Dewey Decimal Classification     SGT Science & Social Sciences Library SGT Science & Social Sciences Library 03/02/2020 SGTU   BAN AG1010 03/02/2020 03/02/2020 Books